000 00600cam a22002291 4500
001 sa 68000907
003 DLC
005 20260227112428.0
008 890705s1966 ii ac b 000 0 telo
010 _asa 68000907
035 _a(OCoLC)19965137
040 _aDLC
_cWaU
_dDLC
042 _apremarc
050 0 0 _aHV8247
_b.V4
100 1 _aŚivarāvu, Digavalli,
_d1898-
245 1 0 _aMana pōlīsuvyavastha.
260 _c[1966]
300 _a7, [1], 192, 20, ii p.
_billus., ports.
_c19 cm.
500 _aIn Telugu.
504 _aBibliography: p. [8] (1st group)
650 0 _aPolice
_zIndia.
999 _c77537
_d77537